| 000 | 00440nam a2200169 i 4500 | ||
|---|---|---|---|
| 001 | 90447 | ||
| 003 | ES-MaACL | ||
| 005 | 20230906180437.0 | ||
| 007 | t| | ||
| 008 | 050120s1957 sp ||||1| spa d | ||
| 110 | 0 | 0 |
_aEspaƱa. _tLeyes, etc. _9184149 |
| 245 | 1 | 0 | _aLegislación del Timbre del Estado. |
| 260 |
_aMadrid : _bV.A.S.A., _c[1957] |
||
| 300 |
_a300 p. ; _c15 cm. |
||
| 852 |
_aES-MaACL _jC-14574 _bR.41787 |
||
| 999 |
_c90447 _d90447 |
||